| 000 | 01452cam a22003254a 4500 | ||
|---|---|---|---|
| 001 | 15146507 | ||
| 005 | 20090831111145.0 | ||
| 008 | 080117s2008 nyu | b 001 0 eng d | ||
| 010 | _a 2008002473 | ||
| 020 | _a9780195323405 | ||
| 020 | _a9780195323412 (pbk.) | ||
| 040 |
_aDLC _cDLC _dDLC |
||
| 050 | 0 | 0 |
_aBL410 _b.R44 2008 |
| 082 | 0 | 0 |
_a201.5 _222 _bREL |
| 245 | 0 | 0 |
_aReligious Pluralism, Globalization, and World Politics / _cEdited by Thomas Banchoff. |
| 260 |
_aNew York : _bOxford University Press, _cc2008. |
||
| 300 |
_ax, 348 p. ; _c25 cm. |
||
| 504 | _aIncludes bibliographical references and index. | ||
| 505 | 0 | _aChallenges of religious pluralism in a global era -- Religious actors in world politics. | |
| 541 | _aBacca ; | ||
| 650 | 0 |
_aReligions _xRelations. _915602 |
|
| 650 | 0 |
_aReligious pluralism. _915603 |
|
| 650 | 0 |
_aGlobalization. _915604 |
|
| 650 | 0 |
_aInternational relations. _915605 |
|
| 700 | 1 |
_aBanchoff, Thomas F., _d1964- _eEditor _915606 |
|
| 856 | 4 | 1 |
_3Table of contents only _uhttp://www.loc.gov/catdir/toc/ecip089/2008002473.html |
| 942 |
_2ddc _cBB |
||
| 999 |
_c14317 _d14317 |
||